Obnoviteľné zdroje energie ako prostriedok riešenia deficitu nerastných surovín bakalárska práca

Na minha lista:
Detalhes bibliográficos
Autor principal: Kollárová, Silvia
Autor Corporativo: Fakulta podnikového manažmentu EU. Katedra podnikovohospodárska
Outros Autores: Jakubec, Miroslav
Formato: Livro
Idioma:eslovaco
Publicado em: Bratislava 2016
Tags: Adicionar Tag
Sem tags, seja o primeiro a adicionar uma tag!

MARC

LEADER 00000nbm a2200000 4500
001 0218366
005 20170302132714.4
041 0 |a slo 
044 |a SK 
245 1 0 |a Obnoviteľné zdroje energie ako prostriedok riešenia deficitu nerastných surovín  |b bakalárska práca  |c Silvia Kollárová ; školiteľ: Miroslav Jakubec 
264 1 |a Bratislava  |c 2016 
300 |a 57 s. 
100 1 |a Kollárová, Silvia 
700 1 |a Jakubec, Miroslav 
710 2 |a Fakulta podnikového manažmentu EU. Katedra podnikovohospodárska